01373nam a2200277 a 450000100100000000500170001000800410002702000180006804000250008608200250011110000260013624500670016226000450022930000360027450000210031050000720033150400280040359000250043165000570045691000370051395201380055095201380068895201230082695201290094999900170107800004419120201002045215.0140606s2010 dr 001 0 spa d a9789945862164 aDO-SdBNPbspacBNPHU a629.136097293bT172a1 aTapia, Yolanda97219510aAeropuertos dominicanos :btiempo de cambios /cYolanda Tapia. aSanto Domingo :bDelfos Editores,c2010. a385 p. :bil., retrs. ;c24 cm. aIncluye índice aPrimer libro describe la trayectoria de los aeropuertos dominicanos aBibliografía : p. 378 aInventariado,2018/DG 4aAeropuertoszRepública DominicanaxHistoria972196 aValidado. Control de calidad MFF 001054708DSaGRbGRcHDd2017-05-05iLF1l0o629.136097293 T172ap44191-30r2020-06-25te. 3w2020-06-25yLFDSZPréstamo en sala 001054708DSaGRbGRcHDd2017-10-19iLF1l0o629.136097293 T172ap44191-40r2020-06-25te. 4w2020-06-25yLFDSZPréstamo en sala 0010718PDaPDbPDcHDd2014-06-06iLF1l0o629.136097293 T172ap44191-10r2020-06-25w2020-06-25yLFPDZNo se presta 0010718PDaPDbPDcHDd2014-06-06iLF1l0o629.136097293 T172ap44191-20r2020-06-25te. 2w2020-06-25yLFPDZNo se presta c43680d43680